[Event "Las Palmas"]
[Site "?"]
[Date "1994.??.??"]
[Round "?"]
[White "Adams, Mi"]
[Black "Karpov, An"]
[Result "0-1"]
[WhiteElo "2660"]
[BlackElo "2740"]
[PlyCount "78"]
[EventDate "1994.??.??"]
[Source "ChessBase"]
[SourceDate "1994.02.01"]

1. d4 Nf6 2. Bg5 e6 3. e4 h6 4. Bxf6 Qxf6 5. Nc3 d6 6. Qd2 g5 7. O-O-O Bg7 8. e5 dxe5 9. dxe5 Qe7 10. f4 Nc6 11. Nf3 Bd7 12. h4 gxf4 13. Qxf4 O-O-O 14. Ne4 Nb8 15. Nf6 Bc6 16. Be2 Nd7 17. Nh5 Bxf3 18. Bxf3 Bxe5 19. Qe4 c6 20. Rxd7 Bxb2+ 21. Kxb2 Rxd7 22. Qe3 Rhd8 23. a3 Rd4 24. g3 Qc5 25. Re1 Rc4 26. Qxc5 Rxc5 27. Re2 Rd1 28. Nf4 Rb5+ 29. Ka2 Rbb1 30. Bh5 Ra1+ 31. Kb3 Rdb1+ 32. Kc4 Rxa3 33. Bxf7 Rxg3 34. Bxe6+ Kc7 35. Nd3 a5 36. Rf2 Re3 37. Rf7+ Kb8 38. Re7 Re4+ 39. Kc3 Rb5 0-1

[Event "Beograd"]
[Site "?"]
[Date "1995.??.??"]
[Round "?"]
[White "Ivanchuk, V."]
[Black "Adams, Mi"]
[Result "1/2-1/2"]
[WhiteElo "2740"]
[BlackElo "2660"]
[PlyCount "47"]
[EventDate "1995.??.??"]
[Source "ChessBase"]
[SourceDate "1995.10.01"]

1. d4 Nf6 2. Bg5 e6 3. c3 h6 4. Bh4 b6 5. Nd2 Bb7 6. e3 d6 7. f3 Be7 8. Bd3 O-O 9. Ne2 c5 10. e4 cxd4 11. cxd4 e5 12. Bg3 exd4 13. Nxd4 Nh5 14. Nf5 Nc6 15. Nc4 Nxg3 16. hxg3 Ne5 17. O-O Nxc4 18. Bxc4 d5 19. Nxe7+ Qxe7 20. Bxd5 Rad8 21. Qd4 Qg5 22. Rad1 Qxg3 23. Qf2 Qc7 24. Rc1 1/2-1/2

[Event "Camp. russo a squadre 2007"]
[Site "Sochi RUS"]
[Date "2007.05.04"]
[Round "3"]
[White "Georgiev, Ki"]
[Black "Jobava, Ba"]
[Result "1/2-1/2"]
[WhiteElo "2660"]
[BlackElo "2658"]
[PlyCount "117"]
[EventDate "2007.05.02"]
[Source "www.chesslib.no"]
[SourceDate "2004.05.04"]

1. d4 Nf6 2. Bg5 e6 3. e3 Be7 4. Bd3 b6 5. Nf3 Bb7 6. O-O h6 7. Bh4 O-O 8. Nbd2 c5 9. c3 d6 10. Re1 Nh5 11. Bxe7 Qxe7 12. e4 Nf4 13. Bf1 Nd7 14. d5 e5 15. g3 Ng6 16. Qc2 Nf6 17. a4 a6 18. Nc4 Qc7 19. Qb3 Nd7 20. Bh3 Rab8 21. Bxd7 Qxd7 22. Nxb6 Qh3 23. Qc4 f5 24. Nd2 f4 25. Qf1 Qh5 26. Nd7 fxg3 27. hxg3 Nf4 28. Nxf8 Nh3+ 29. Kg2 Rxf8 30. f3 Bc8 31. Qe2 Rf6 32. Rh1 Rg6 33. Qe1 Qh4 34. Rh2 Rxg3+ 35. Qxg3 Nf4+ 36. Kf2 Nd3+ 37. Kg2 Nf4+ 38. Qxf4 Qxf4 39. Nc4 Qf6 40. b4 cxb4 41. cxb4 h5 42. Rah1 g6 43. b5 axb5 44. axb5 Kg7 45. Rb1 Qf4 46. b6 h4 47. b7 h3+ 48. Rxh3 Bxh3+ 49. Kf2 Bg4 50. Rb3 Qh2+ 51. Ke1 Qg1+ 52. Ke2 Qg2+ 53. Ke1 Bxf3 54. Rxf3 Qxf3 55. b8=Q Qxe4+ 56. Kd2 Qxd5+ 57. Kc3 Qd4+ 58. Kb4 e4 59. Qxd6 1/2-1/2

[Event "Places 9-10 playoff"]
[Site "?"]
[Date "1996.??.??"]
[Round "3"]
[White "Adams Michael"]
[Black "Leko Peter"]
[Result "1-0"]
[WhiteElo "2660"]
[BlackElo "2625"]
[PlyCount "61"]
[EventDate "1996.??.??"]
[Source "www.chesslib.no"]
[SourceDate "2004.05.04"]

1. d4 Nf6 2. Bg5 e6 3. e4 h6 4. Bxf6 Qxf6 5. Nc3 d6 6. Qd2 g5 7. g3 Bg7 8. Nb5 Qd8 9. c3 a6 10. Na3 b6 11. Bg2 Bb7 12. Nc2 Nd7 13. Ne3 Qe7 14. Ne2 O-O-O 15. O-O-O Kb8 16. Kb1 Nf6 17. Qc2 h5 18. e5 Nd5 19. Bxd5 Bxd5 20. Nxd5 exd5 21. f4 gxf4 22. gxf4 dxe5 23. dxe5 Qe6 24. Nd4 Rhf8 25. h4 Bf6 26. Rhf1 Qe8 27. e6 Rh8 28. Nb3 d4 29. Qc1 Bg5 30. Nc5 d3 31. hxg5 1-0

[Event "Tilburg"]
[Site "?"]
[Date "1994.??.??"]
[Round "?"]
[White "Salov, V."]
[Black "Ye, Jiangchuan"]
[Result "1/2-1/2"]
[WhiteElo "2710"]
[BlackElo "2575"]
[PlyCount "74"]
[EventDate "1994.??.??"]
[Source "ChessBase"]
[SourceDate "1994.06.01"]

1. d4 Nf6 2. Bg5 g6 3. Bxf6 exf6 4. g3 d5 5. Bg2 c6 6. e3 Bd6 7. Nd2 Nd7 8. Ne2 h5 9. e4 dxe4 10. Nxe4 Bc7 11. Qd2 Nb6 12. O-O-O Kf8 13. Kb1 Kg7 14. Nf4 a5 15. Rhe1 a4 16. a3 Nd5 17. Nd3 Ba5 18. c3 b6 19. Nb4 Bxb4 20. cxb4 Be6 21. Nc3 Qd7 22. h4 Rhd8 23. Be4 Ra7 24. Qd3 b5 25. Bxd5 Bxd5 26. Nxd5 Qxd5 27. Re4 Rad7 28. Qe3 Rd6 29. Rd3 Qf5 30. Kc2 Rd5 31. Kc3 Qh3 32. Kc2 Qd7 33. Kd2 Qd6 34. Kc3 Rf5 35. Kc2 Qd5 36. f4 Qd6 37. Kc3 Qd5 1/2-1/2

[Event "Assisi (open)"]
[Site "?"]
[Date "2003.12.22"]
[Round "5"]
[White "Miladinovic Igor"]
[Black "Epishin Vladimir"]
[Result "1/2-1/2"]
[WhiteElo "2599"]
[BlackElo "2658"]
[PlyCount "23"]
[EventDate "2003.??.??"]
[Source "www.chesslib.no"]
[SourceDate "2004.05.04"]

1. d4 Nf6 2. Bg5 e6 3. e3 Be7 4. Nd2 d6 5. c3 Nbd7 6. Ngf3 O-O 7. Bd3 Nd5 8. Bxe7 Qxe7 9. Qc2 N7f6 10. a3 e5 11. c4 Nb6 12. O-O 1/2-1/2

[Event "New York 72/59"]
[Site "?"]
[Date "1998.??.??"]
[Round "?"]
[White "Akopian, Vladimir"]
[Black "Atalik, Suat"]
[Result "1-0"]
[WhiteElo "2660"]
[BlackElo "2595"]
[PlyCount "81"]
[EventDate "1998.??.??"]
[Source "ChessBase"]
[SourceDate "1998.02.01"]

1. d4 Nf6 2. Bg5 c5 3. Bxf6 gxf6 4. d5 Qb6 5. Qc1 f5 6. g3 Bg7 7. c3 h5 8. h4 Qh6 9. e3 d6 10. Qc2 Na6 11. Qa4+ Bd7 12. Qb3 Nc7 13. Qxb7 Rc8 14. Nh3 O-O 15. Nf4 e5 16. dxe6 fxe6 17. Be2 e5 18. Nxh5 Bh8 19. c4 d5 20. cxd5 Qd6 21. Qb3 Rb8 22. Qc2 Nxd5 23. Nc3 Nxc3 24. bxc3 Bc6 25. O-O Qd5 26. f3 c4 27. Rad1 Qc5 28. Kh2 Be8 29. f4 e4 30. g4 Qxe3 31. Bxc4+ Kh7 32. Ng3 Bxc3 33. Bb3 Bb5 34. Qf2 Qxf2+ 35. Rxf2 e3 36. Rc2 Rbc8 37. Be6 Rc7 38. Rdc1 e2 39. Nxe2 Bxe2 40. Bxf5+ Rxf5 41. gxf5 1-0

[Event "BL 0607 SF Katernberg - SC Bann"]
[Site "Germania"]
[Date "2007.02.24"]
[Round "10.1"]
[White "Laznicka, Viktor"]
[Black "Volokitin, Andrei"]
[Result "0-1"]
[WhiteElo "2596"]
[BlackElo "2645"]
[PlyCount "80"]
[EventDate "2006.10.28"]
[Source "www.chesslib.no"]
[SourceDate "2004.05.04"]

1. d4 Nf6 2. Bg5 e6 3. e3 h6 4. Bh4 c5 5. Nd2 Be7 6. Ngf3 b6 7. Bd3 Bb7 8. Qe2 cxd4 9. Bxf6 Bxf6 10. exd4 Qc7 11. c3 a6 12. a4 Nc6 13. h4 Ne7 14. g3 Nd5 15. Kf1 Be7 16. Kg2 O-O 17. Ne4 f5 18. Ned2 g5 19. Kg1 Kg7 20. Re1 g4 21. Ne5 h5 22. f3 Nf6 23. Rh2 gxf3 24. Ndxf3 Ng4 25. Ng5 Bxg5 26. hxg5 Nxh2 27. Kxh2 f4 28. Be4 d6 29. Nd3 fxg3+ 30. Kxg3 d5+ 31. Ne5 h4+ 32. Kh3 dxe4 33. Qh5 Rf3+ 34. Kh2 Kg8 35. Qg6+ Kh8 36. Qh6+ Qh7 37. Qxe6 Qf5 38. Qh6+ Kg8 39. Nxf3 Qf4+ 40. Kg1 Qg3+ 0-1

[Event "France"]
[Site "?"]
[Date "2004.??.??"]
[Round "?"]
[White "Milov, V."]
[Black "Kotronias, V."]
[Result "1-0"]
[WhiteElo "2630"]
[BlackElo "2595"]
[PlyCount "91"]
[EventDate "2004.??.??"]
[Source "Chess Informant"]
[SourceDate "2004.02.01"]

1. d4 Nf6 2. Bg5 Ne4 3. Bf4 c5 4. f3 Qa5+ 5. c3 Nf6 6. Nd2 cxd4 7. Nb3 Qb6 8. Qxd4 Nc6 9. Qxb6 axb6 10. Nd4 e5 11. Nxc6 dxc6 12. Bxe5 b5 13. e4 Be6 14. Ne2 Nd7 15. Bg3 Rxa2 16. Rxa2 Bxa2 17. Nd4 Nc5 18. Kd2 Nb3+ 19. Kc2 Na1+ 20. Kd3 Nb3 21. Be2 Bc5 22. Rd1 Nxd4 23. cxd4 Bc4+ 24. Ke3 Bxe2 25. Kxe2 Bb6 26. Bd6 Kd7 27. Bc5 Bc7 28. g3 b6 29. Bb4 Ra8 30. Kd3 h5 31. f4 Bd6 32. Bc3 g6 33. d5 cxd5 34. exd5 h4 35. Bf6 hxg3 36. hxg3 Ra4 37. Rh1 Be7 38. Be5 f6 39. Bc3 b4 40. Bd4 Kd6 41. Re1 Bd8 42. Bxf6 Bxf6 43. Re6+ Kxd5 44. Rxf6 Ra2 45. Kc2 g5 46. Kb3 1-0

[Event "Pohar RP -bli"]
[Site "Plzen /Pohar RP -bli"]
[Date "1976.??.??"]
[Round "?"]
[White "Hort, Vlastimil"]
[Black "Smejkal, Jan"]
[Result "1-0"]
[WhiteElo "2600"]
[BlackElo "2615"]
[PlyCount "103"]
[EventDate "1976.??.??"]
[Source "www.chesslib.no"]
[SourceDate "2004.05.04"]

1. d4 Nf6 2. Bg5 g6 3. Bxf6 exf6 4. e3 Bg7 5. Bd3 f5 6. Ne2 d6 7. Nd2 O-O 8. c3 Nd7 9. Nf4 Qe7 10. h4 Nf6 11. Qb3 c6 12. O-O-O Ne4 13. Nxe4 fxe4 14. Be2 d5 15. c4 Be6 16. cxd5 cxd5 17. h5 Qd7 18. Kb1 Rfc8 19. hxg6 hxg6 20. Rc1 Bf8 21. Nxe6 fxe6 22. Bg4 Kg7 23. f3 exf3 24. gxf3 Rxc1+ 25. Rxc1 Rc8 26. Rxc8 Qxc8 27. Qxd5 exd5 28. Bxc8 Kf6 29. Bxb7 Bh6 30. e4 dxe4 31. Bxe4 Be3 32. d5 g5 33. Kc2 Ke5 34. Kd3 Bd4 35. d6 Bb6 36. d7 Kd6 37. Bf5 Kc7 38. Kc4 Be3 39. Kb5 Bd4 40. b4 Bc3 41. a4 Bd2 42. Ka6 Bxb4 43. Kxa7 Bd2 44. Ka6 Bc3 45. Kb5 Bd2 46. a5 Be1 47. a6 Bf2 48. Kc4 Ba7 49. Kd5 Bb6 50. Ke6 Kd8 51. Kd6 Be3 52. Kc6 1-0

[Event "Zt. Macedonia"]
[Site "Zt. Struga Macedonia"]
[Date "1995.??.??"]
[Round "?"]
[White "Milov, Vadim"]
[Black "Smirin, Ilia"]
[Result "1/2-1/2"]
[WhiteElo "2580"]
[BlackElo "2630"]
[PlyCount "29"]
[EventDate "1995.??.??"]
[Source "www.chesslib.no"]
[SourceDate "2004.05.04"]

1. d4 Nf6 2. Bg5 Ne4 3. Bf4 c5 4. f3 Qa5+ 5. c3 Nf6 6. Nd2 cxd4 7. Nb3 Qb6 8. Qxd4 Nc6 9. Qxb6 axb6 10. Be3 b5 11. Nd4 b4 12. Nb5 b6 13. Na7 Nb8 14. Nh3 Ba6 15. Bd2 1/2-1/2

[Event "Struga (zt)"]
[Site "?"]
[Date "1995.??.??"]
[Round "?"]
[White "Milov, V."]
[Black "Smirin, I."]
[Result "1/2-1/2"]
[WhiteElo "2580"]
[BlackElo "2630"]
[PlyCount "31"]
[EventDate "1995.??.??"]
[Source "ChessBase"]
[SourceDate "1995.06.01"]

1. d4 Nf6 2. Bg5 Ne4 3. Bf4 c5 4. f3 Qa5+ 5. c3 Nf6 6. Nd2 cxd4 7. Nb3 Qb6 8. Qxd4 Nc6 9. Qxb6 axb6 10. Be3 b5 11. Nd4 b4 12. Nb5 Ra4 13. Nc7+ Kd8 14. Bb6 bxc3 15. Ne6+ Ke8 16. Nc7+ 1/2-1/2